Цивільно-правові наслідки недійсності правочину (Запис № 575864)
[ простий вигляд ]
| 000 -Лідер | |
|---|---|
| fixed length control field | 03177nam a2200241 4500 |
| 001 - Контрольний номер | |
| control field | 2162214035924653 |
| 003 - Ідентифікатор контрольного номера | |
| control field | UA-OsUOA |
| 005 - Дата та час останнього входження (трансакції) | |
| control field | 20240209095357.0 |
| 008 - Елементи даних фіксованої довжини – загальна інформація | |
| fixed length control field | 240209b un ||||| |||| 00| 0 ukr d |
| 040 ## - Джерело каталогізації | |
| Агенція оригінальної каталогізації | UA-OsUOA |
| Мова каталогізації | ukr |
| Агенція, яка здійснювала перезапис | UA-OsUOA |
| Агенція, яка здійснювала модифікацію | UA-OsUOA |
| 041 ## - Код мови | |
| Код мови тексту/ звукової доріжки чи окремого заголовка (П) | ukr |
| 080 ## - Індекс Універсальної десяткової класифікації | |
| Індекс Універсальної десяткової класифікації (УДК) (НП) | 347.132.6 |
| 090 ## - Локальний шифр розміщення | |
| Класифікаційний індекс УДК | 347.132.6 |
| 095 ## - Код спеціальності для авторефератів | |
| Код спеціальності | 12.00.03 |
| Назва спеціальності | цивільне право і цивільний процес; сімейне право; міжнародне приватне право |
| 100 ## - Основне введення – ім’я особи | |
| Ім’я особи (НП) | Бернада Є. В. |
| 9 (RLIN) | 1656 |
| 245 ## - Відомості про назву | |
| Назва (НП) | Цивільно-правові наслідки недійсності правочину |
| Дані про відповідальність (НП) | Бернада Євген Валерійович; наук. керівник Козловська Людмила Володимирівна |
| 260 ## - Публікація, розповсюдження і т.п. (Вихідні дані) | |
| Місце публікації, розповсюдження і т.п. (П) | Київ |
| Дата публікації, розповсюдження і т.п. (П) | 2018 |
| 300 ## - Фізичний опис | |
| Обсяг | 16 с. |
| 502 ## - Примітка про дисертацію | |
| Зв'язок | Автореферат дисертації на здобуття наукового ступеня кандидата юридичних наук<br/> |
| Наймення інституції, що представляється | Науково-дослідний інститут приватного права і підприємництва імені академіка Ф. Г. Бурчака |
| Рік отримання вченого ступеня | 2018 |
| 520 ## - Резюме і т.п. | |
| Резюме, реферат, анотація, тощо (НП) | Дисертація є комплексним науковим дослідженням цивільно-правових наслідків недійсності правочину, а також їх застосуванням для захисту цивільних прав та інтересів.<br/>В дисертації проаналізовано правові підстави застосування наслідків недійсності правочину, визначено правову характеристику виконання недійсного правочину та надано характеристику правових (деліктних) підстав застосування цивільно-правових санкцій недійсності правочину.<br/>З урахуванням теоретичних засад та судової практики застосування цивільного законодавства України, надано визначення поняття і видів правових наслідків недійсності правочину та їх місце в структурі способів захисту цивільних прав та інтересів. Обґрунтовано виявлені в теорії цивільного права та в судовій практиці проблеми, що виникають при застосуванні реституції, речово-правових та кондикційних наслідків недійсності правочину. Також визначено підстави та порядок цивільно-правової відповідальності (відшкодування збитків та/або моральної шкоди) сторін правочину, визнаного недійсним. |
| 650 ## - Додаткове предметне введення – тематичний термін | |
| Джерело заголовка чи терміна | UDC |
| Тематичний термін чи географічна назва, як елемент введення (НП) | 347 Цивільне право |
| 9 (RLIN) | 1609 |
| 942 ## - Додаткові елементи входу (Коха) | |
| Source of classification or shelving scheme | Universal Decimal Classification |
| Тип елемента Koha | Автореферат |
Немає доступних примірників.